| 000 | 00946nas a2200337 4500 | ||
|---|---|---|---|
| 001 | BR0102081 | ||
| 003 | BR-BrBNA | ||
| 005 | 20231205102226.0 | ||
| 007 | ta | ||
| 008 | 230509b bl.|||p| |||| 00| 00por d | ||
| 040 |
_aBR-BrBNA _bpor _cBiblioteca Nacional de Agricultura |
||
| 041 | _a(Pt) | ||
| 072 | _aL70 | ||
| 100 | 1 | _aRaiser, A.G. | |
| 100 | 1 | _aGraca, D.L. | |
| 100 | 1 | _aPippi, N.L. | |
| 100 | 1 | _aZinn, L.L. | |
| 100 | 1 | _aSilveira, D.S. | |
| 100 | 1 | _aBordin, A.I. | |
| 100 | 1 | _aBaiotto, G.C. | |
| 100 | 1 | _aRios, M.V. | |
| 100 | 1 | _aSilveira, A.F. da | |
| 245 | 1 | _aHomoimplante ortotopico de tendao calcaneo em caes. conservacao, assepsia e implantacao | |
| 650 | _aCao | ||
| 650 | _aCirurgia | ||
| 650 | _aTransplante | ||
| 650 | _aVeterinaria | ||
| 773 | 0 |
_tCiencia Rural (Brazil) _xISSN 0103-8478 _g(Jan-Feb 2001), v. 31(1) p. 89-94 _wBR0102081 |
|
| 909 |
_a202311 _bLúcia _c55 _dLúcia Elande |
||
| 942 |
_2AGRIS _n0 _cANA |
||
| 999 |
_c166409 _d166409 |
||